[Event "Montcalm-ch 2008-09"]
[Site "Quebec CAN"]
[Date "2009.05.28"]
[Round "5"]
[White "Caire, Francois"]
[Black "Sauve, Richard"]
[Result "1/2-1/2"]
[WhiteElo "2283"]
[BlackElo "1966"]
[PlyCount "91"]
[GameId "2160767910156979"]
[EventDate "2009.04.30"]
[EventType "tourn"]
[EventRounds "5"]
[EventCountry "CAN"]

1. Nf3 d5 2. d4 e6 3. c4 c6 4. Qc2 Nf6 5. g3 Be7 6. Bg2 O-O 7. O-O b6 8. b3 Nbd7 9. Rd1 Bb7 10. Nc3 Qc7 11. Bf4 Bd6 12. Bxd6 Qxd6 13. e4 dxe4 14. Nxe4 Nxe4 15. Qxe4 Nf6 16. Qe5 Qe7 17. Rac1 Rfd8 18. c5 Nd5 19. Qe1 b5 20. Ne5 a5 21. a3 Qc7 22. Rc2 Re8 23. Bxd5 exd5 24. Re2 Bc8 25. Nc4 Rxe2 26. Qxe2 Be6 27. Nd6 Qd7 28. Re1 h6 29. f3 Ra7 30. Qd2 Qd8 31. Qf4 Qf8 32. Qe5 a4 33. b4 Ra8 34. f4 g6 35. Kg2 Qg7 36. Kf3 Qxe5 37. Rxe5 Kg7 38. f5 gxf5 39. Kf4 Rg8 40. Nxf5+ Bxf5 41. Kxf5 Kf8 42. Kf4 Rg6 43. g4 Rf6+ 44. Rf5 Re6 45. Re5 Rf6+ 46. Rf5 1/2-1/2

[Event "Montcalm-ch 2008-09"]
[Site "Quebec CAN"]
[Date "2009.05.28"]
[Round "5"]
[White "Cournoyer, Dominic"]
[Black "Caron, Sebastien"]
[Result "0-1"]
[WhiteElo "1963"]
[BlackElo "1996"]
[PlyCount "126"]
[GameId "2160767910156980"]
[EventDate "2009.04.30"]
[EventType "tourn"]
[EventRounds "5"]
[EventCountry "CAN"]

1. c4 f5 2. Nc3 Nf6 3. g3 g6 4. Bg2 Bg7 5. Nf3 O-O 6. O-O d6 7. b4 Ne4 8. Bb2 Nxc3 9. Bxc3 Bxc3 10. dxc3 e5 11. Qd5+ Kg7 12. c5 e4 13. Nd4 Rf6 14. cxd6 c6 15. Qb3 Rxd6 16. f3 exf3 17. Bxf3 Qe7 18. Rad1 Nd7 19. e4 Ne5 20. Bg2 fxe4 21. Bxe4 Bh3 22. Bg2 Bxg2 23. Kxg2 Re8 24. Rde1 Qd7 25. Qc2 Ng4 26. Qd3 Rxe1 27. Rxe1 Nf6 28. Qe2 Kf7 29. Qe5 Rd5 30. Qb8 a6 31. Rf1 Qe7 32. Qf4 Kg7 33. Kg1 Qe5 34. Qf2 Qe7 35. Qf4 Re5 36. Qd2 Nd5 37. Nf3 Re2 38. Qd3 Qe3+ 39. Qxe3 Rxe3 40. c4 Nxb4 41. Rb1 Rxf3 42. Rxb4 Rf7 43. c5 Kf6 44. Re4 Rd7 45. a4 Re7 46. Rd4 Kf7 47. Rd8 h5 48. h4 Kf6 49. Kf2 Kf5 50. Kf3 Re5 51. Rd7 Rxc5 52. Rxb7 Rc3+ 53. Kg2 Kg4 54. Rb4+ Kf5 55. Rb6 a5 56. Rb2 Kg4 57. Rd2 Rxg3+ 58. Kf2 Kxh4 59. Rd6 Rg4 60. Rxc6 g5 61. Rc1 Rxa4 62. Rh1+ Kg4 63. Rg1+ Kf4 0-1

[Event "Montcalm-ch 2008-09"]
[Site "Quebec CAN"]
[Date "2009.05.28"]
[Round "5"]
[White "Perron, Jonathan"]
[Black "Dube, Daniel"]
[Result "1/2-1/2"]
[WhiteElo "2004"]
[BlackElo "1720"]
[PlyCount "105"]
[GameId "2160767910156981"]
[EventDate "2009.04.30"]
[EventType "tourn"]
[EventRounds "5"]
[EventCountry "CAN"]

1. e4 c5 2. Nf3 e6 3. d4 cxd4 4. Nxd4 Nc6 5. Nc3 Qc7 6. Be3 a6 7. Bd3 d6 8. O-O Nf6 9. a4 b6 10. Nxc6 Qxc6 11. f4 Bb7 12. Qf3 Be7 13. Qg3 O-O 14. f5 e5 15. Bh6 Nh5 16. Qg4 Qc5+ 17. Kh1 Bf6 18. Qxh5 gxh6 19. Rf3 Bg5 20. f6 Qc8 21. Rg3 Kh8 22. Rxg5 hxg5 23. Nd5 Rg8 24. Nxb6 Qe6 25. Nxa8 Bxa8 26. Rf1 Rg6 27. Qf3 d5 28. exd5 Bxd5 29. Be4 Bxe4 30. Qxe4 Rxf6 31. Re1 Rf4 32. Qa8+ Kg7 33. b3 Qb6 34. Qd5 Qe3 35. Qd1 Qf2 36. h3 e4 37. Qe2 f5 38. b4 Qxe2 39. Rxe2 Rf1+ 40. Kh2 Rb1 41. c3 Rc1 42. g4 Kf6 43. gxf5 Kxf5 44. Rb2 Rxc3 45. b5 axb5 46. axb5 Rc7 47. b6 Rb7 48. Kg3 h6 49. Rb5+ Ke6 50. h4 gxh4+ 51. Kxh4 Kf6 52. Kg4 Kg6 53. Re5 1/2-1/2

[Event "Montmagny op"]
[Site "Montmagny CAN"]
[Date "2009.11.06"]
[Round "1"]
[White "Boucher, Antoni"]
[Black "Sauve, Richard"]
[Result "1-0"]
[WhiteElo "1665"]
[BlackElo "2030"]
[PlyCount "85"]
[GameId "2160767910030403"]
[EventDate "2009.11.06"]
[EventType "swiss"]
[EventRounds "5"]
[EventCountry "CAN"]
[SourceTitle "hb 2010.06"]

1. d4 d5 2. Bg5 h6 3. Bh4 c6 4. Nf3 Bf5 5. e3 Nd7 6. c4 Ngf6 7. Nc3 e6 8. Qb3 Qb6 9. c5 Qxb3 10. axb3 g5 11. Bg3 Ne4 12. Nxe4 Bxe4 13. Ne5 Bg7 14. Nxd7 Kxd7 15. Kd2 a6 16. f3 Bg6 17. Ra4 Rae8 18. Rb4 Kc8 19. Bxa6 bxa6 20. Rb8+ Kd7 21. Rb7+ Kc8 22. Rc7+ Kd8 23. Bd6 Bf8 24. Ra1 Re7 25. Rxc6 Ra7 26. Be5 Rh7 27. Rcxa6 Rxa6 28. Rxa6 Bg7 29. Ra8+ Kd7 30. Ra7+ Kd8 31. Ra8+ Kd7 32. Bxg7 Rxg7 33. b4 Kc6 34. Rb8 Kc7 35. Rb6 Rg8 36. b5 Ra8 37. Ra6 Rxa6 38. bxa6 f6 39. Kc3 Kc6 40. Kb4 Bd3 41. Ka5 e5 42. b4 exd4 43. exd4 1-0

[Event "Montmagny op"]
[Site "Montmagny CAN"]
[Date "2009.11.06"]
[Round "1"]
[White "Schommer, Philippe"]
[Black "Bolduc, Steve"]
[Result "0-1"]
[WhiteElo "1770"]
[BlackElo "2278"]
[PlyCount "83"]
[GameId "2160767910030405"]
[EventDate "2009.11.06"]
[EventType "swiss"]
[EventRounds "5"]
[EventCountry "CAN"]
[SourceTitle "hb 2010.06"]

1. e4 c5 2. Nc3 Nc6 3. g3 g6 4. Bg2 Bg7 5. d3 d6 6. f4 Nf6 7. Nf3 e5 8. O-O O-O 9. Kh1 exf4 10. gxf4 Bg4 11. Ne2 Qd7 12. Be3 Rfe8 13. Rb1 Rad8 14. Ng3 b6 15. Qd2 Qc8 16. a3 h5 17. Nh4 d5 18. f5 dxe4 19. fxg6 fxg6 20. Nxg6 Nd4 21. Nh4 Nf3 22. Nxf3 exf3 23. Bxf3 Bxf3+ 24. Rxf3 Qc6 25. Qg2 Kh7 26. Bg1 Re6 27. Rf2 Qxg2+ 28. Kxg2 Rde8 29. h3 Bh8 30. b4 Rg8 31. Kh2 h4 32. Nf5 Nh5 33. Rg2 Be5+ 34. Kh1 Rf8 35. Nxh4 Ng3+ 36. Rxg3 Bxg3 37. Ng2 Rh6 38. Be3 Rxh3+ 39. Kg1 Bh2+ 40. Kh1 Bf4+ 41. Kg1 Bxe3+ 42. Nxe3 0-1

[Event "Montmagny op"]
[Site "Montmagny CAN"]
[Date "2009.11.07"]
[Round "2"]
[White "Bolduc, Steve"]
[Black "Boucher, Antoni"]
[Result "1-0"]
[WhiteElo "2278"]
[BlackElo "1665"]
[PlyCount "61"]
[GameId "2160767910030407"]
[EventDate "2009.11.06"]
[EventType "swiss"]
[EventRounds "5"]
[EventCountry "CAN"]
[SourceTitle "hb 2010.06"]

1. d4 Nf6 2. c4 e6 3. Nc3 Bb4 4. e3 O-O 5. Bd3 d5 6. Nge2 dxc4 7. Bxc4 e5 8. Qb3 exd4 9. exd4 Bxc3+ 10. bxc3 Nc6 11. Qc2 Ne7 12. Ba3 Re8 13. O-O b6 14. Qb3 Ned5 15. Bb5 Bd7 16. Bd3 Ne7 17. Rad1 Bf5 18. Bc4 Ned5 19. Bb5 Bd7 20. Bd3 Ne7 21. Rfe1 Bc6 22. Qc2 Ng6 23. c4 Be4 24. Ng3 Bxd3 25. Qxd3 Qd7 26. Nf5 Rad8 27. Qf3 a6 28. Bb2 Qa4 29. d5 Rxe1+ 30. Rxe1 Qxc4 31. Nh6+ 1-0

[Event "Montmagny op"]
[Site "Montmagny CAN"]
[Date "2009.11.07"]
[Round "2"]
[White "Le Duin, Thierry"]
[Black "Vincent, Luc"]
[Result "1-0"]
[WhiteElo "2041"]
[BlackElo "1629"]
[PlyCount "87"]
[GameId "2160767910030410"]
[EventDate "2009.11.06"]
[EventType "swiss"]
[EventRounds "5"]
[EventCountry "CAN"]
[SourceTitle "hb 2010.06"]

1. d4 d5 2. Nf3 Nf6 3. c3 Nc6 4. Bg5 e6 5. e3 Be7 6. Nbd2 O-O 7. Bd3 b6 8. Ne5 Nxe5 9. dxe5 Nd7 10. Bxe7 Qxe7 11. f4 c5 12. Qh5 f5 13. g4 g6 14. Qh3 Rf7 15. Rg1 Kf8 16. gxf5 exf5 17. Nf3 Rg7 18. Qh6 c4 19. Bc2 Nc5 20. Ng5 Kg8 21. O-O-O Be6 22. h4 Rd8 23. h5 Rd7 24. hxg6 hxg6 25. Rh1 Kf8 26. Nh7+ Kf7 27. Rdg1 Ke8 28. Nf6+ Kd8 29. Nxd7 Qxd7 30. Rxg6 Re7 31. Qf8+ Kc7 32. Rh8 Kb7 33. Qd8 Qxd8 34. Rxd8 Rh7 35. Rg2 Rh1+ 36. Kd2 Ne4+ 37. Bxe4 fxe4 38. Rd6 Bh3 39. Rg7+ Ka6 40. Rxd5 Rh2+ 41. Kc1 Re2 42. Rg3 Bg2 43. Rxg2 Rxg2 44. e6 1-0

[Event "Montmagny op"]
[Site "Montmagny CAN"]
[Date "2009.11.07"]
[Round "2"]
[White "Poulin, Mathieu"]
[Black "Giroux, Robert"]
[Result "1-0"]
[WhiteElo "1951"]
[BlackElo "1848"]
[PlyCount "85"]
[GameId "2160767910030411"]
[EventDate "2009.11.06"]
[EventType "swiss"]
[EventRounds "5"]
[EventCountry "CAN"]
[SourceTitle "hb 2010.06"]

1. d4 Nf6 2. c4 e6 3. Nc3 c5 4. d5 exd5 5. cxd5 d6 6. e4 g6 7. h3 Bg7 8. Nf3 a6 9. a4 Nbd7 10. Bf4 Qe7 11. Bd3 Nh5 12. Bh2 Ne5 13. O-O Nxf3+ 14. Qxf3 Be5 15. Bxe5 Qxe5 16. a5 Rb8 17. Na4 Bd7 18. Nb6 Bb5 19. Bxb5+ axb5 20. b3 Nf4 21. Rae1 Rd8 22. g3 Nh5 23. Kg2 O-O 24. Qd3 b4 25. Nc4 Qe7 26. e5 dxe5 27. Rxe5 Qc7 28. d6 Qc6+ 29. Qd5 Rc8 30. d7 Qxd5+ 31. Rxd5 Rcd8 32. Rfd1 Nf6 33. Rd6 Kg7 34. f3 Ng8 35. Rb6 Ne7 36. Rxb7 Nc6 37. a6 Ra8 38. a7 Nd4 39. Nb6 Rad8 40. Nc8 Nf5 41. Rd5 Rxd7 42. Rdxd7 Rxc8 43. Rxf7+ 1-0

[Event "Montmagny op"]
[Site "Montmagny CAN"]
[Date "2009.11.07"]
[Round "3"]
[White "Gagnon, Gabriel"]
[Black "Sauve, Richard"]
[Result "1-0"]
[WhiteElo "1747"]
[BlackElo "2030"]
[PlyCount "55"]
[GameId "2160767910030413"]
[EventDate "2009.11.06"]
[EventType "swiss"]
[EventRounds "5"]
[EventCountry "CAN"]
[SourceTitle "hb 2010.06"]

1. e4 e6 2. d4 d5 3. e5 c5 4. c3 Nc6 5. Nf3 Qb6 6. Be2 cxd4 7. cxd4 Nh6 8. Na3 Bxa3 9. bxa3 Nf5 10. Be3 Qa5+ 11. Qd2 Qxa3 12. O-O Qa5 13. Qc2 O-O 14. g4 Nxe3 15. fxe3 Nb4 16. Qb3 Nc6 17. Rac1 Qc7 18. Bd3 Bd7 19. Qc2 g6 20. Ng5 Qd8 21. Rf6 Nb4 22. Qg2 h6 23. Bxg6 hxg5 24. Qh3 fxg6 25. Rxg6+ Kf7 26. Qh5 Rh8 27. Rf1+ Ke7 28. Rg7# 1-0

[Event "Montmagny op"]
[Site "Montmagny CAN"]
[Date "2009.11.08"]
[Round "4"]
[White "Boucher, Antoni"]
[Black "Caire, Francois"]
[Result "0-1"]
[WhiteElo "1665"]
[BlackElo "2202"]
[PlyCount "82"]
[GameId "2160767910030415"]
[EventDate "2009.11.06"]
[EventType "swiss"]
[EventRounds "5"]
[EventCountry "CAN"]
[SourceTitle "hb 2010.06"]

1. d4 Nf6 2. Bg5 d5 3. Bxf6 exf6 4. e3 c6 5. c4 dxc4 6. Bxc4 f5 7. Nc3 Bd6 8. Qc2 Nd7 9. Bd3 g6 10. Nge2 O-O 11. O-O-O Nf6 12. h3 Re8 13. Rdg1 b5 14. g4 fxg4 15. Ne4 Nxe4 16. Bxe4 Rxe4 17. Qxe4 Bf5 18. Qg2 gxh3 19. Qf3 Be6 20. Nf4 Qf6 21. Rg3 Bxf4 22. Qxf4 Qxf4 23. exf4 Rd8 24. Rd3 Rd5 25. Kd2 Bf5 26. Ra3 Rxd4+ 27. Ke3 Re4+ 28. Kf3 Rb4 29. Kg3 Rxb2 30. Rxa7 c5 31. Re1 Be6 32. f5 gxf5 33. Kxh3 Rxf2 34. Rg1+ Kf8 35. Kg3 Rxa2 36. Rb7 b4 37. Kf4 b3 38. Ke5 Ra8 39. Kf6 c4 40. Rg7 Ra6 41. Re7 Bc8+ 0-1

[Event "Montmagny op"]
[Site "Montmagny CAN"]
[Date "2009.11.08"]
[Round "5"]
[White "Bolduc, Steve"]
[Black "Caire, Francois"]
[Result "0-1"]
[WhiteElo "2278"]
[BlackElo "2202"]
[PlyCount "66"]
[GameId "2160767910030418"]
[EventDate "2009.11.06"]
[EventType "swiss"]
[EventRounds "5"]
[EventCountry "CAN"]
[SourceTitle "EXT 2011"]
[Source "ChessBase"]
[SourceDate "2011.11.26"]
[SourceVersion "1"]
[SourceVersionDate "2011.11.26"]
[SourceQuality "1"]

1. c4 e5 2. Nc3 Nf6 3. Nf3 Nc6 4. g3 d5 5. cxd5 Nxd5 6. Bg2 Nb6 7. O-O Be7 8. d3 O-O 9. a3 Re8 10. b4 Bf8 11. Bb2 a5 12. b5 Nd4 13. Nd2 c6 14. bxc6 Nxc6 15. Na4 Nxa4 16. Qxa4 Bd7 17. Qd1 a4 18. e3 Bf5 19. Ne4 Qd7 20. Qe2 Rad8 21. Rad1 Bg4 22. f3 Be6 23. g4 Bb3 24. Rd2 b5 25. Rc1 b4 26. Nc5 Bxc5 27. Rxc5 Qd6 28. axb4 Nxb4 29. Rc1 Nxd3 30. Qf1 Qg6 31. Rcd1 Bxd1 32. Qxd1 Qb6 33. Rxd3 Rxd3 0-1

[Event "Montmagny op U1600"]
[Site "Montmagny CAN"]
[Date "2009.11.06"]
[Round "1"]
[White "Nicole, Chantale"]
[Black "Boulanger, Vincent"]
[Result "0-1"]
[WhiteElo "1230"]
[BlackElo "1197"]
[PlyCount "54"]
[GameId "2160767910030420"]
[EventDate "2009.11.06"]
[EventType "swiss"]
[EventRounds "5"]
[EventCountry "CAN"]
[SourceTitle "hb 2010.06"]

1. e4 d6 2. Nc3 Nf6 3. Nf3 g6 4. Bc4 Bg7 5. e5 dxe5 6. Nxe5 O-O 7. O-O c6 8. Qe2 Qc7 9. Bxf7+ Rxf7 10. Nxf7 Kxf7 11. Qc4+ Be6 12. Qh4 Nbd7 13. d3 Nh5 14. Ne4 Ndf6 15. Ng5+ Kg8 16. Nxe6 Qe5 17. Nxg7 Kxg7 18. g3 Qe6 19. Qb4 b6 20. Qc4 Qe2 21. c3 Rd8 22. b3 Rxd3 23. Bg5 Qe5 24. f4 Qe3+ 25. Kh1 Ng4 26. Rfe1 Nf2+ 27. Kg2 Rxc3 0-1

[Event "Montmagny op U1600"]
[Site "Montmagny CAN"]
[Date "2009.11.06"]
[Round "1"]
[White "Ouellette, Daniel"]
[Black "Cote, Marcel"]
[Result "1-0"]
[WhiteElo "1400"]
[BlackElo "1090"]
[PlyCount "99"]
[GameId "2160767910030421"]
[EventDate "2009.11.06"]
[EventType "swiss"]
[EventRounds "5"]
[EventCountry "CAN"]
[SourceTitle "hb 2010.06"]

1. d4 d6 2. Nf3 Bg4 3. Nbd2 Bxf3 4. Nxf3 Nf6 5. e3 a6 6. b3 Nc6 7. Bb2 g6 8. a3 Bg7 9. Be2 O-O 10. O-O e6 11. Re1 Nd7 12. e4 e5 13. d5 Nd4 14. Nd2 c6 15. c3 Nb5 16. a4 Nc7 17. c4 c5 18. Qc2 Re8 19. Rf1 b6 20. g3 f6 21. Rae1 a5 22. Bc1 Na6 23. Qb1 Qe7 24. Kg2 Rf8 25. f4 Nb4 26. h4 h5 27. Nf3 Rf7 28. f5 Nf8 29. Kh2 Qd7 30. Rg1 Re7 31. g4 Qe8 32. gxh5 gxh5 33. Rg3 Kh8 34. Reg1 Nh7 35. Ne1 Qd7 36. Be3 Qe8 37. Bd1 Raa7 38. Qb2 Na6 39. Qg2 Rad7 40. Bh6 Qg8 41. Bxh5 Nc7 42. Bxg7+ Rxg7 43. Bg6 Nf8 44. Qf3 Nxg6 45. Rxg6 Rxg6 46. Rxg6 Rg7 47. Qh5+ Qh7 48. Rh6 Qxh6 49. Qxh6+ Rh7 50. Qxf6+ 1-0

[Event "Montmagny op U1600"]
[Site "Montmagny CAN"]
[Date "2009.11.08"]
[Round "4"]
[White "Cote, Marcel"]
[Black "Chouinard, Jean-Felix"]
[Result "0-1"]
[WhiteElo "1090"]
[BlackElo "1221"]
[PlyCount "52"]
[GameId "2160767910030422"]
[EventDate "2009.11.06"]
[EventType "swiss"]
[EventRounds "5"]
[EventCountry "CAN"]
[SourceTitle "hb 2010.06"]

1. d4 d5 2. Nc3 e6 3. a3 c5 4. e4 Nc6 5. Bb5 a6 6. Bxc6+ bxc6 7. Nge2 dxe4 8. Nxe4 cxd4 9. Nxd4 Bb7 10. O-O c5 11. Bg5 Qxd4 12. Qxd4 cxd4 13. Rfe1 f6 14. Bd2 Bxe4 15. Rxe4 e5 16. Rc1 Ne7 17. c3 Nf5 18. cxd4 Nxd4 19. Rc4 Rd8 20. h3 Be7 21. Bc3 Nb3 22. Bb4 Bxb4 23. Rxb4 O-O 24. Rbc4 Rc8 25. a4 Nd4 26. Rxc8 Rxc8 0-1

[Event "Montmagny op U1600"]
[Site "Montmagny CAN"]
[Date "2009.11.08"]
[Round "5"]
[White "Boulanger, Vincent"]
[Black "Dufour, Emeric"]
[Result "0-1"]
[WhiteElo "1197"]
[BlackElo "1210"]
[PlyCount "50"]
[GameId "2160767910030423"]
[EventDate "2009.11.06"]
[EventType "swiss"]
[EventRounds "5"]
[EventCountry "CAN"]
[SourceTitle "hb 2010.06"]

1. e4 c6 2. Nf3 d5 3. exd5 cxd5 4. Nc3 Nc6 5. d4 Bg4 6. Be3 Nf6 7. h3 Bh5 8. Bb5 e6 9. O-O Bb4 10. Bd2 O-O 11. Ne5 Bxd1 12. Bxc6 bxc6 13. Nxc6 Qb6 14. Ne7+ Bxe7 15. b3 Bxc2 16. Rac1 Be4 17. Nxe4 Nxe4 18. Be3 h6 19. f3 Ng3 20. Kf2 Bd6 21. a4 Qa6 22. Rfd1 Qe2+ 23. Kg1 Qxe3+ 24. Kh2 Ne2+ 25. Kh1 Nxc1 0-1

[Event "Montreal Mercredi 01"]
[Site "Montreal CAN"]
[Date "2009.01.07"]
[Round "1"]
[White "Baran, Marius"]
[Black "Sonn, Eric"]
[Result "1-0"]
[WhiteElo "1654"]
[BlackElo "1632"]
[PlyCount "45"]
[GameId "2160767910281696"]
[EventDate "2009.01.07"]
[EventType "tourn"]
[EventRounds "5"]
[EventCountry "CAN"]
[SourceTitle "EXT 2011"]
[Source "ChessBase"]
[SourceDate "2011.11.26"]
[SourceVersion "1"]
[SourceVersionDate "2011.11.26"]
[SourceQuality "1"]

1. e4 c5 2. Nf3 e6 3. d4 cxd4 4. Nxd4 a6 5. Bd3 Bc5 6. Nb3 Ba7 7. O-O Nc6 8. Nc3 Qf6 9. Kh1 b5 10. f4 Bb7 11. e5 Qh4 12. Ne4 Nd8 13. Nd6+ Kf8 14. Nxb7 Nxb7 15. Be4 d5 16. exd6 Rb8 17. Bd2 Nf6 18. Bxb7 Rxb7 19. Qf3 Nd5 20. f5 Ke8 21. fxe6 fxe6 22. Rae1 Kd7 23. Qf7+ 1-0

[Event "Montreal Mercredi 01"]
[Site "Montreal CAN"]
[Date "2009.01.07"]
[Round "1"]
[White "Cote, Etienne"]
[Black "Bergeron, Rene"]
[Result "0-1"]
[WhiteElo "1611"]
[BlackElo "1555"]
[PlyCount "116"]
[GameId "2160767910281697"]
[EventDate "2009.01.07"]
[EventType "tourn"]
[EventRounds "5"]
[EventCountry "CAN"]
[SourceTitle "EXT 2011"]
[Source "ChessBase"]
[SourceDate "2011.11.26"]
[SourceVersion "1"]
[SourceVersionDate "2011.11.26"]
[SourceQuality "1"]

1. e4 e5 2. Nf3 Nf6 3. Nxe5 d6 4. Nf3 Nxe4 5. d4 d5 6. Bd3 Nc6 7. Nc3 Bb4 8. Bd2 Nxd2 9. Qxd2 O-O 10. O-O-O Bg4 11. h3 Be6 12. Ng5 Bxc3 13. Bxh7+ Kh8 14. bxc3 Qf6 15. Bd3 Bf5 16. h4 Na5 17. f3 Nc4 18. Bxc4 dxc4 19. g4 Bh7 20. Nxh7 Kxh7 21. g5 Qxf3 22. h5 f5 23. g6+ Kg8 24. h6 f4 25. Kb2 Rf6 26. hxg7 Kxg7 27. Qh2 Rb6+ 28. Kc1 Qe3+ 29. Rd2 Rxg6 30. Qh7+ Kf6 31. Qxc7 Rag8 32. Qd6+ Kf7 33. Rh7+ R8g7 34. Qd7+ Kg8 35. Rxg7+ Rxg7 36. Qc8+ Kh7 37. Qf5+ Kh6 38. Qf6+ Rg6 39. Qh4+ Kg7 40. Qf2 Qxc3 41. Re2 Qg3 42. Qxg3 fxg3 43. Rg2 c3 44. Kd1 Kf6 45. Ke2 b5 46. Kd3 Kf5 47. Kxc3 Ke4 48. Re2+ Kf3 49. Re1 g2 50. Kb4 Rc6 51. c3 Kf2 52. Rc1 g1=Q 53. Rxg1 Kxg1 54. Kxb5 Rxc3 55. d5 Ra3 56. d6 Rxa2 57. d7 Rd2 58. Kc6 a5 0-1

[Event "Montreal Mercredi 01"]
[Site "Montreal CAN"]
[Date "2009.01.07"]
[Round "1"]
[White "Dobrev, Martin"]
[Black "Serra, Luc"]
[Result "1-0"]
[WhiteElo "1848"]
[BlackElo "1747"]
[PlyCount "96"]
[GameId "2160767910281698"]
[EventDate "2009.01.07"]
[EventType "tourn"]
[EventRounds "5"]
[EventCountry "CAN"]
[SourceTitle "EXT 2011"]
[Source "ChessBase"]
[SourceDate "2011.11.26"]
[SourceVersion "1"]
[SourceVersionDate "2011.11.26"]
[SourceQuality "1"]

1. d4 d6 2. c4 Nf6 3. g3 g6 4. Bg2 Bg7 5. Nc3 O-O 6. Nf3 Na6 7. O-O c5 8. b3 cxd4 9. Nxd4 Nc5 10. Bb2 a5 11. Qd2 a4 12. b4 a3 13. Bc1 Ne6 14. Ndb5 Qb6 15. Rb1 Bd7 16. Nxa3 Bc6 17. Bxc6 Qxc6 18. Rd1 Ng4 19. Nd5 Rfe8 20. Bb2 Ne5 21. Rdc1 h5 22. Bxe5 Bxe5 23. Nb5 Ra4 24. a3 Kh7 25. Rc2 b6 26. Rb3 Qb7 27. h4 Rf8 28. Qe3 Ra6 29. Qe4 Qd7 30. f4 f5 31. Qe3 Bg7 32. Nxb6 Qc6 33. Qxe6 Qxb6+ 34. Kg2 Bf6 35. Nc3 Qc6+ 36. Nd5 Ra7 37. Kh2 Qa8 38. b5 Rxa3 39. Nb6 Qa7 40. Rxa3 Qxa3 41. Nd7 Rg8 42. Nxf6+ exf6 43. Rd2 Qc3 44. Rxd6 Qe1 45. Kg2 Qb1 46. b6 Ra8 47. Rd7+ Kh6 48. Qe7 Qe4+ 1-0

[Event "Montreal Mercredi 01"]
[Site "Montreal CAN"]
[Date "2009.01.07"]
[Round "1"]
[White "Gauthier, Luc"]
[Black "Luo, Zhao Yang"]
[Result "1-0"]
[WhiteElo "1631"]
[BlackElo "1649"]
[PlyCount "79"]
[GameId "2160767910281699"]
[EventDate "2009.01.07"]
[EventType "tourn"]
[EventRounds "5"]
[EventCountry "CAN"]
[SourceTitle "EXT 2011"]
[Source "ChessBase"]
[SourceDate "2011.11.26"]
[SourceVersion "1"]
[SourceVersionDate "2011.11.26"]
[SourceQuality "1"]

1. e4 c6 2. d4 d5 3. exd5 cxd5 4. Bd3 Nf6 5. c3 Nc6 6. Bf4 e6 7. Nf3 Bd6 8. Bxd6 Qxd6 9. O-O O-O 10. Nbd2 Re8 11. Re1 e5 12. dxe5 Nxe5 13. Rxe5 Rxe5 14. Nc4 Re1+ 15. Nxe1 Qf4 16. Ne3 Ng4 17. Nxg4 Bxg4 18. Be2 Be6 19. Nf3 Re8 20. Qd4 Qd6 21. Bb5 Ra8 22. Re1 a6 23. Bd3 Rd8 24. Ng5 h6 25. Nxe6 fxe6 26. Qg4 e5 27. Qg6 e4 28. Qxd6 Rxd6 29. Bc2 Rb6 30. Bb3 Kf8 31. Re2 Rd6 32. Rd2 e3 33. fxe3 Re6 34. Rd3 Ke7 35. Bxd5 Rd6 36. e4 Kf6 37. Rf3+ Ke7 38. Rf7+ Ke8 39. Rxb7 g5 40. c4 1-0

[Event "Montreal Mercredi 01"]
[Site "Montreal CAN"]
[Date "2009.01.07"]
[Round "1"]
[White "Giroux, Robert"]
[Black "Tremblay, Sigfrid"]
[Result "1-0"]
[WhiteElo "1956"]
[BlackElo "1879"]
[PlyCount "101"]
[GameId "2160767910281700"]
[EventDate "2009.01.07"]
[EventType "tourn"]
[EventRounds "5"]
[EventCountry "CAN"]
[SourceTitle "EXT 2011"]
[Source "ChessBase"]
[SourceDate "2011.11.26"]
[SourceVersion "1"]
[SourceVersionDate "2011.11.26"]
[SourceQuality "1"]

1. e4 e5 2. Nf3 Nc6 3. d4 exd4 4. Bc4 Nf6 5. e5 d5 6. Bb5 Ne4 7. Nxd4 Bd7 8. Bxc6 bxc6 9. O-O Bc5 10. f3 Ng5 11. f4 Ne4 12. Be3 Qh4 13. Nd2 Bg4 14. N2f3 Qh5 15. Qe1 Bd7 16. Nb3 Be7 17. Nfd2 Nxd2 18. Qxd2 O-O 19. c4 Be6 20. Bc5 Bxc5+ 21. Nxc5 Rfd8 22. Nxe6 fxe6 23. Qc2 d4 24. c5 d3 25. Qc4 Rd5 26. Rad1 Rad8 27. Qa6 Qe2 28. Qxc6 Qxb2 29. Qxe6+ Kh8 30. c6 d2 31. h4 Qd4+ 32. Kh2 Qe3 33. Qe7 Rd3 34. Rf3 Qe2 35. Rxd3 Qxd3 36. Qxc7 h6 37. Qe7 Rg8 38. Qd6 Qc4 39. Qxd2 Qxc6 40. Qd5 Qa4 41. Qd2 Rf8 42. g3 g5 43. Qd6 Kg7 44. hxg5 hxg5 45. Qe7+ Rf7 46. Qxg5+ Kh7 47. Qh5+ Kg7 48. Rd2 Qa5 49. Qg5+ Kh7 50. f5 Qxe5 51. Qg6+ 1-0

[Event "Montreal Mercredi 01"]
[Site "Montreal CAN"]
[Date "2009.01.07"]
[Round "1"]
[White "Leutschaft, Martin"]
[Black "Morin, Louis"]
[Result "1/2-1/2"]
[WhiteElo "2120"]
[BlackElo "1905"]
[PlyCount "68"]
[GameId "2160767910281701"]
[EventDate "2009.01.07"]
[EventType "tourn"]
[EventRounds "5"]
[EventCountry "CAN"]
[SourceTitle "EXT 2011"]
[Source "ChessBase"]
[SourceDate "2011.11.26"]
[SourceVersion "1"]
[SourceVersionDate "2011.11.26"]
[SourceQuality "1"]

1. e4 e5 2. Nc3 Nf6 3. Nf3 d6 4. d4 Nbd7 5. Be2 Be7 6. h3 c6 7. a4 O-O 8. O-O Re8 9. Re1 h6 10. Bc4 Bf8 11. Ba2 exd4 12. Qxd4 Nc5 13. b4 Ne6 14. Qd3 a5 15. b5 Nc5 16. Qd4 Be6 17. Ba3 Bxa2 18. Rxa2 Ne6 19. Qd2 d5 20. Bxf8 Nxf8 21. e5 N6d7 22. bxc6 bxc6 23. Nd4 Qc7 24. f4 Ne6 25. Nf5 f6 26. Nd6 Rf8 27. Kh1 fxe5 28. Nxd5 cxd5 29. Qxd5 Ndc5 30. f5 Rad8 31. fxe6 Rxd6 32. Qc4 Nxe6 33. Qxc7 Nxc7 34. Rxe5 Rd5 1/2-1/2

[Event "Montreal Mercredi 01"]
[Site "Montreal CAN"]
[Date "2009.01.07"]
[Round "1"]
[White "Levkovsky, Alexandre"]
[Black "Panayotov, Ivo"]
[Result "1/2-1/2"]
[WhiteElo "2094"]
[BlackElo "1970"]
[PlyCount "60"]
[GameId "2160767910281702"]
[EventDate "2009.01.07"]
[EventType "tourn"]
[EventRounds "5"]
[EventCountry "CAN"]
[SourceTitle "EXT 2011"]
[Source "ChessBase"]
[SourceDate "2011.11.26"]
[SourceVersion "1"]
[SourceVersionDate "2011.11.26"]
[SourceQuality "1"]

1. e4 c5 2. Nf3 d6 3. d4 cxd4 4. Nxd4 Nf6 5. Nc3 a6 6. Be2 e5 7. Nb3 Be6 8. Bg5 Nbd7 9. f4 exf4 10. Bxf4 Ne5 11. Qd4 Qc7 12. Nd5 Nxd5 13. exd5 Bf5 14. O-O Bg6 15. Rad1 Be7 16. Qb4 Rd8 17. Be3 Rd7 18. Bb6 Qxc2 19. Bg4 Nxg4 20. Qxg4 Qe4 21. Rf4 h5 22. Qg3 Qe2 23. Re1 Qb5 24. Bd4 O-O 25. Rf5 Rc7 26. Rxh5 Qd3 27. Qg4 f6 28. Rh3 Qf5 29. Qxf5 Bxf5 30. Bb6 Rd7 1/2-1/2